000 00438nam a2200157Ia 4500
008 230917s9999||||xx |||||||||||||| ||und||
020 _cRS10
040 _e170592
_aMAIN
041 _aEnglish
082 _a891.43301731 SK23C
100 _aश्रवण कुमार
245 0 _aचौपाये
260 _aदिल्ली
_bसंमार्ग प्रकाशन
_c1977
300 _a166 पृ. p.
942 _cHN
999 _c175147
_d175147